Nový systém financovania samosprávy na Slovensku štúdia
Salvato in:
| Autore principale: | |
|---|---|
| Altri autori: | , |
| Natura: | Libro |
| Lingua: | slovacco |
| Pubblicazione: |
[Bratislava]
Nadácia pre podporu lokálnej demokracie
1996
|
| Soggetti: | |
| Tags: |
Nessun Tag, puoi essere il primo ad aggiungerne!!
|
MARC
| LEADER | 00000nam a2200000 4500 | ||
|---|---|---|---|
| 001 | 0136218 | ||
| 005 | 20240718082412.4 | ||
| 020 | |a 80-967542-3-8 | ||
| 041 | 0 | |a slo | |
| 044 | |a SK | ||
| 245 | 1 | 0 | |a Nový systém financovania samosprávy na Slovensku |b štúdia |c Ivan Mikloš, Viktor Nižňanský, Elena Žárska |
| 264 | 1 | |a [Bratislava] |b Nadácia pre podporu lokálnej demokracie |c 1996 | |
| 300 | |a 95 s. | ||
| 610 | 2 | 0 | |a samospráva |
| 610 | 2 | 0 | |a financovanie |
| 610 | 2 | 0 | |a financie verejné |
| 610 | 2 | 0 | |a Slovensko |
| 610 | 2 | 0 | |a správa verejná |
| 610 | 2 | 0 | |a rozpočet miestny |
| 610 | 2 | 0 | |a regióny |
| 100 | 1 | |a Mikloš, Ivan | |
| 700 | 1 | |a Nižňanský, Viktor | |
| 700 | 1 | |a Žárska, Elena, 1955- | |